| 000 | 00820cab a2200217 4500 | ||
|---|---|---|---|
| 001 | X3226 | ||
| 008 | 090401t1996 xxu||||| |||| 00| 0 eng d | ||
| 035 | _a(Sirsi) u29311 | ||
| 041 | _aeng | ||
| 245 | _aMaidstone BC and Corse | ||
| 260 | _c1996 | ||
| 350 | _a0 | ||
| 490 |
_aPlanning Appeal Decisions _v1996 11 PAD 36-39(4) |
||
| 520 | _aDecision letter 28 September 1995. Refusal of LDC and planning permission. Loft conversion. Whether permitted development. Which development order. Which class. Meaning of "resulting building". Garage within 5 metres of house. Effect on amenities. (Headnote from journal) | ||
| 650 | _aLAWFUL DEVELOPMENT CERTIFICATE | ||
| 650 | _aLOFT CONVERSION | ||
| 650 | _aPERMITTED DEVELOPMENT | ||
| 690 | _aPLANNING LAW AND PRACTICE-CASE LAW | ||
| 942 | _n0 | ||
| 948 | _c04/03/1997 | ||
| 999 |
_c19745 _d19745 |
||